| 000 | 00402nam a2200169Ia 4500 | ||
|---|---|---|---|
| 001 | 11002 | ||
| 005 | 20260306161914.0 | ||
| 008 | 260306t9999||||xx |||||||||||||| ||spa|| | ||
| 041 | _aESP | ||
| 082 |
_a985 _bM39 T. 9 |
||
| 100 |
_aMejia Baca, Juan _eAUT |
||
| 245 | 0 |
_aHistoria del PerĂº: _bPROCESOS E INSTTITUCIONES |
|
| 300 |
_a _c |
||
| 650 | _aGEN | ||
| 654 | _aCHU | ||
| 942 |
_cLIB _dJUS _fJUS _2ddc _n |
||
| 999 |
_c11002 _d11002 |
||